000 00612nam a2200241Ia 4500
005 20251020182446.0
008 200515s9999 xx 000 0 und d
020 _a84-7738-819-9
082 _a55/P36
100 _aPedrinaci, Emilio
245 0 _aLos procesos geológicos internos
260 _aMadrid
260 _bSíNTESIS EDUCACIÓN
260 _c2001
300 _a222 p.
300 _bil., tbl., graf., fot.
490 _aDidáctica de las Ciencias Experimentales 3
500 _a1 ejemplar
650 _aGEOLOGIA
650 _aPROCESOS GEOLOGICOS INTERNOS
942 _cLIB
999 _c688
_d688